zgadnij pętle autobusową/tramwajową we Wrocławiu po zdjęciu - Statystyki

Ogólne statystyki
  • Ten quiz został rozwiązany 84 razy
  • Średni wynik to 7 z 16
Statystyki odpowiedzi
Obrazkowy Odpowiedź % Poprawnych
Dworzec Autobusowy
92%
Iwiny - Rondo
86%
Bieńkowice
81%
Jarnołtów
75%
Kozia
71%
Leśnica
48%
Tarnogaj
45%
Kłokoczyce
40%
Rędzin
36%
Kminkowa
32%
Zakrzów
27%
Pilczyce
26%
Kozanów (Górnicza)
23%
Wrocław Nowy Dwór (P+R)
23%
Racławicka
15%
Trestno
15%
Nie znaleziono quizów pasujących do podanych kryteriów
Rozkład punktacji
Procent ludzi z każdym wynikiem
Percentyl według liczby udzielonych odpowiedzi
Twoja historia wyników
Nie rozwiązałeś tego quizu